Liste des églises de Poitiers - Statistiques

Statistiques générales
  • Ce quiz a été pris 23 fois
  • Le résultat moyen est 7 sur 12
Statistiques - réponses
Adresse Réponse % Correct
Place Charles-de-Gaulle Collégiale Notre-Dame-la-Grande
100%
Place de la XXX-et-du-Cardinal-Pie Cathédrale Saint-Pierre
93%
Rue du Pigeon-Blanc Église Sainte-Radegonde
79%
Rue Gambetta Église Saint-Porchaire
71%
Rue XXX Église Saint-Hilaire-le-Grand
64%
Rue de XXX Abbatiale Saint-Jean-de-Montierneuf
57%
Place des Trois-Cités Église Saint-Cyprien
50%
Rue du Faubourg-du-Pont-Neuf Église Saint-Paul
43%
Rue XXX Église Sainte-Thérèse-Sainte-Jeanne-d'Arc
36%
Avenue de la Libération Église Saint-Martin
36%
Avenue John-Fitzgerald-Kennedy Église de la Résurrection
29%
Rue de la Tourelle Église Sainte-Bernadette
29%
Aucun quiz correspondant
Distribution des résultats
% des personnes avec chaque résultat
Percentile par nombre de réponses
Votre historique - résultats
Vous n’avez pas pris ce quiz